000 01071cam a22003254a 4500
001 6438
003 FISKH
005 20250502104949.0
008 040120s2004 nyua j b 001 0 eng
010 _a 2004001225
020 _a0516236164
020 _a9780516246642
040 _aDLC
_cDLC
_dDLC
_beng
050 _aB254 WH
082 _a531.112
100 1 _aBarkan, Joanne.
245 1 0 _aWhat is velocity? /
_cby Joanne Barkan.
260 _aNew York :
_bChildren's Press,
_c2004.
300 _a31 pages :
_bcolor illustrations ;
_c18 cm
440 0 _aRookie read-about science
504 _aIncludes bibliographical references and index.
505 _aJ
520 _aColorful photos and simple text encourage children to read on their own as they learn the meaning of velocity and that it is measured by an object's speed and direction.
521 8 _a440
_bLexile
521 8 _aJ
_bRaz-Plus
650 0 _aVelocity
_vJuvenile literature.
906 _a7
_bcbc
_corignew
_d1
_eecip
_f20
_gy-gencatlg
942 _2ddc
_cBK
_n0
999 _c6438
_d6438